<?xml version="1.0" encoding="UTF-8"?>
<record
    xmlns:xsi="http://www.w3.org/2001/XMLSchema-instance"
    xsi:schemaLocation="http://www.loc.gov/MARC21/slim http://www.loc.gov/standards/marcxml/schema/MARC21slim.xsd"
    xmlns="http://www.loc.gov/MARC21/slim">

  <leader>00955nam a2200229 a 4500</leader>
  <controlfield tag="001">BRCA_1909</controlfield>
  <controlfield tag="005">20190320203610.0</controlfield>
  <controlfield tag="008">010713s2000    sp-a---###---#000-0#spa-#</controlfield>
  <datafield tag="020" ind1=" " ind2=" ">
    <subfield code="a">8495746630</subfield>
  </datafield>
  <datafield tag="040" ind1=" " ind2=" ">
    <subfield code="a">DLC</subfield>
    <subfield code="c">DLC</subfield>
  </datafield>
  <datafield tag="050" ind1=" " ind2="4">
    <subfield code="a">DP178</subfield>
    <subfield code="b">.A78 2000a</subfield>
  </datafield>
  <datafield tag="245" ind1="1" ind2="0">
    <subfield code="a">El arte en Catalu&#xF1;a y los reinos hispanos en tiempos de Carlos I.</subfield>
  </datafield>
  <datafield tag="260" ind1=" " ind2=" ">
    <subfield code="a">Barcelona</subfield>
    <subfield code="b">Sociedad Estatal para la Commemoraci&#xF3;n de los Centenarios de Felipe II y Carlos V</subfield>
    <subfield code="c">2000</subfield>
  </datafield>
  <datafield tag="300" ind1=" " ind2=" ">
    <subfield code="a">428 p.</subfield>
    <subfield code="b">il. a color</subfield>
    <subfield code="c">29 cm.</subfield>
  </datafield>
  <datafield tag="500" ind1=" " ind2=" ">
    <subfield code="a">Incluye &#xED;ndice onom&#xE1;stico y topogr&#xE1;fico</subfield>
  </datafield>
  <datafield tag="500" ind1=" " ind2=" ">
    <subfield code="a">Exposici&#xF3;n realizada en el Sal&#xF3;n del Tinell, Museo de Historia (Barcelona, Espa&#xF1;a) 19 diciembre, 2000 - 4 marzo, 2001</subfield>
  </datafield>
  <datafield tag="504" ind1=" " ind2=" ">
    <subfield code="a">Bibliograf&#xED;a: p. 381-407</subfield>
  </datafield>
  <datafield tag="600" ind1="1" ind2="4">
    <subfield code="a">Carlos I</subfield>
    <subfield code="c">Emperador Romano</subfield>
    <subfield code="d">1516-1556</subfield>
    <subfield code="v">Exposiciones</subfield>
    <subfield code="z">Espa&#xF1;a</subfield>
    <subfield code="9">5888</subfield>
  </datafield>
  <datafield tag="651" ind1=" " ind2="4">
    <subfield code="a">Catalu&#xF1;a</subfield>
    <subfield code="x">Historia</subfield>
    <subfield code="z">Espa&#xF1;a</subfield>
    <subfield code="9">5889</subfield>
  </datafield>
  <datafield tag="651" ind1=" " ind2="4">
    <subfield code="a">Espa&#xF1;a</subfield>
    <subfield code="v">Exposiciones</subfield>
    <subfield code="x">Historia</subfield>
    <subfield code="y">Carlos I 1516-1556</subfield>
    <subfield code="9">5890</subfield>
  </datafield>
  <datafield tag="942" ind1=" " ind2=" ">
    <subfield code="2">lcc</subfield>
    <subfield code="c">B</subfield>
  </datafield>
  <datafield tag="999" ind1=" " ind2=" ">
    <subfield code="c">1681</subfield>
    <subfield code="d">1681</subfield>
  </datafield>
  <datafield tag="952" ind1=" " ind2=" ">
    <subfield code="0">0</subfield>
    <subfield code="1">0</subfield>
    <subfield code="4">0</subfield>
    <subfield code="7">0</subfield>
    <subfield code="a">BRCA</subfield>
    <subfield code="b">BRCA</subfield>
    <subfield code="d">2008-07-30</subfield>
    <subfield code="l">0</subfield>
    <subfield code="o">DP178 .A78 2000a</subfield>
    <subfield code="p">02248</subfield>
    <subfield code="r">2019-03-22 00:00:00</subfield>
    <subfield code="w">2019-03-22</subfield>
    <subfield code="y">B</subfield>
  </datafield>
</record>
